| 000 | 00552nam a22001817a 4500 | ||
|---|---|---|---|
| 003 | BD-DhJNU | ||
| 005 | 20250319032551.0 | ||
| 008 | 250319b |||||||| |||| 00| 0 eng d | ||
| 020 | _a0256031657 | ||
| 040 |
_aBD-DhJNU _bENG _cBD-DhJNU _dBD-DhJNU |
||
| 082 |
_223 _a158.7 |
||
| 245 |
_aReadings in industrial and organizational psychology / _cEdited by Frank J. Landy. |
||
| 260 |
_aChicago : _bThe Dorsey Press, _c1986. |
||
| 300 |
_aviii, 514 p. : _bill. ; _c25 cm. |
||
| 650 | _aPsychology | ||
| 700 |
_aLandy, Frank J. _eEditor |
||
| 942 |
_2ddc _cBK _n0 |
||
| 999 |
_c1508 _d1508 |
||